Suelos agrícolas. su conservación y fertilización... /
Guardado en:
| Autor Principal: | |
|---|---|
| Formato: | Libro |
| Publicado: |
México :
Uteha,
1949
|
| Materias: | |
| Etiquetas: |
Agregar Etiqueta
Sin Etiquetas, Sea el primero en etiquetar este registro!
|
| LEADER | 00566nam a22001935a 4500 | ||
|---|---|---|---|
| 001 | CEM.cems016244 | ||
| 005 | 20100805175056.0 | ||
| 008 | 130507s1949##################000#0#####d | ||
| 003 | CEMS | ||
| 082 | 0 | 4 | |a 631.4 |
| 100 | 1 | |a Worthen, Edmund L | |
| 245 | 1 | 0 | |a Suelos agrícolas. su conservación y fertilización... / |c Edmund L Worthen, |
| 260 | |a México : |b Uteha, |c 1949 | ||
| 300 | |a 477 p. | ||
| 653 | |a Agricultura | ||
| 653 | |a Suelos-fertilización | ||
| 653 | |a Suelos | ||
| 653 | |a Suelos-conservación | ||
| 859 | |a CEMS |b BIB. CEMS - Agricultura |h 631.4 |i W899 |p A5026.76 |t Ej.1 | ||
